000 00919nam a2200241 a 4500
001 70722
003 BD-RjUL
005 20211209082031.0
008 170419s1961 ii |||| |||| 000 0 ben d
020 _c: Tk. 6.00
035 _a(BD-RjUL)70936
040 _aBD-RjUL
_bben
_cBD-RjUL
_dBD-RjUL
041 _aben
082 _223
_a891.4414
_bGUS 1961
100 1 _aগুপ্ত, প্রতিভা
_9209333
245 1 0 _aশিক্ষাগুরু রবীন্দ্রনাথ /
_cপ্রতিভা গুপ্ত
250 _a১ম সং.
260 _aকলিকাতা :
_bওরিওয়েন্ট বুক কোং.,
_c১৯৬১ [১৩৬৮]
300 _a২৭২ পৃ. ;
_c২৭ সেমি.
600 _aঠাকুর, রবীন্দ্রনাথ
_d১৮৬১-১৯৪১
_9209339
600 _aTagore, Rabindranath
_d1861-1941
_9209340
942 _2ddc
_cBK
999 _c70722
_d70722